Libro de los enxiemplos del Conde Lucanor e de Patronio / (Registro nro. 11199)

Detalles MARC
000 -LIDER
fixed length control field 01008nam a2200313 b 4500
001 - NÚMERO DE CONTROL
Identificador de número de control 0000617
003 - IDENTIFICACDOR DE NÚMERO DE CONTROL
control field DO-SdBNP
005 - DATE AND TIME OF LATEST TRANSACTION
control field 20241009120136.0
007 - CAMPOS FIJOS DE DESCRIPCIÓN FÍSICA
fixed length control field 0000617
008 - ELEMENTOS DE LONGITUD FIJA
fixed length control field 0506172004 sp spa
017 ## - NÚMERO DE REGISTRO DE DERECHOS DE AUTOR
Copyright or legal deposit number
Assigning agency
020 ## - ISBN
International Standard Book Number 8437600782
035 ## - NÚMERO LOCAL
System control number
040 ## - FUENTE DE CATALOGACIÓN
Agencia que crea de manera original el registro DO-SdBNP
Idioma de catalogación spa
Agencia que realiza la transcripción BPMSU
Convenciones de la despripción
082 #4 - NÚMERO DE CLASIFICACIÓN DECIMAL DE DEWEY
Classification number 868.13
Item number J91c 2004
Edition number 22
100 1# - ASIENTO PRINCIPAL -- NOMBRE PERSONAL
Nombre personal Juan Manuel
Fechas asociadas con el nombre 1282-1348
Títulos u otras palabras asociadas con el nombre Infante de Castilla
245 10 - MENCIÓN DE TITULO
Título Libro de los enxiemplos del Conde Lucanor e de Patronio /
Mención de responsabilidad Don Juan Manuel ; edición Alfonso I. Sotelo
Medio (Designación general de material)
246 ## - VARIACION DEL TÍTULO
Título propiamente dicho o título corto El Conde Lucanor /
250 ## - MENCIÓN DE EDICION
Mención de edición 23a. ed.
260 ## - PUBLICACIÓN, DISTRIBUCIÓN, ETC. (PIE DE IMPRENTA)
Lugar de publicación, distribución, etc Madrid :
Nombre del editor, distribuidor, etc. Cátedra,
-- Grupo Anaya,
Fecha de publicación, distribución, etc 2004.
300 ## - DESCRIPCIÓN FÍSICA
Extensión 340 p. ;
Dimensiones 18 cm
490 0# - MENCIÓN DE SERIES
Mención de serie Letras hispánicas,
Volume/sequential designation 53
500 ## - NOTA GENERAL
Nota general Incluye referencias bibliográficas y notas a pie de páginas.
590 ## - NOTA LOCAL
Texto de la nota local Inventariado, 2024/VM
650 #4 - ENCABEZAMIENTO DE MATERIA--TEMÁTICO
Término temático o nombre geográfico como elemento de entrada Literatura española
Subdivisión de forma Colecciones de escritos.
700 1# - ASIENTO SECUNDARIO -- NOMBRE PERSONAL
Nombre personal Sotelo, Alfonso I.
Mención de responsabilidad edición
910 ## - VALIDACIÓN
Validación VMateo V. Control de calidad. BPMSU
942 ## - ADDED ENTRY ELEMENTS (KOHA)
Source of classification or shelving scheme Dewey Decimal Classification
Koha item type Libros
Existencias
Withdrawn status Lost status Source of classification or shelving scheme Damaged status Not for loan Collection code Home library Current library Date acquired Source of acquisition Total Checkouts Full call number Barcode Date last seen Price effective from Koha item type
    Dewey Decimal Classification     Colección General Biblioteca Pública Metropolitana Salomé Ureña Biblioteca Pública Metropolitana Salomé Ureña 08/29/2016   BPMSU CG 868.13 J91c 2004 BPMSU16080244 08/29/2016 08/29/2016 Libros